000 00818nam a2200205 a 4500
008 101012s2005 ||||||||||||||||| || u
020 _a9781412911696
050 _aQA 461 Dev
100 _aMason, John
245 1 0 _aDeveloping thinking in geometry
_cedited by Sue Johnston-Wilder and John Mason
260 _aLondon:
_bOpen University Press
_c2005
300 _axii, 370p.: ill. + CD-ROM
350 _a0.00
500 _aAccompanied by a CD-ROM ( See Cybrary staff)
650 _aGEOMETRY--STUDY AND TEACHING
650 _aSYMMETRY--STUDY AND TEACHING
650 0 _aMATHEMATICS--HANDBOOKS, MANUALS, ETC
700 _aJohnston-Wilder, Sue
995 _D0.00
_FCBU-MAIN LIBRARY (Kitwe)
_H1
_I0.00
_M1
_UAVAILABLE
_WNov 2, 2010
_ZMain Library Open Access Collection
999 _c39927
_d39927